Biggest Cities without an O: US,UK,France,Spain & Brazil - Statistics

General Stats
  • This quiz has been taken 32 times
  • The average score is 16 of 22
Answer Stats
Hint Answer % Correct
Fr Paris
100%
Sp Madrid
97%
UK Manchester
97%
Fr Marseille
90%
Sp Seville
90%
UK Birmingham
87%
Br Brasilia
87%
Sp Valencia
87%
UK Edinburgh
80%
UK Leeds
80%
Fr Nice
80%
US Philadelphia
73%
UK Dallas
67%
Fr Lille
67%
Sp Malaga
67%
Br Manaus
67%
UK Sheffield
67%
Fr Nantes
53%
Br Recife
53%
Sp Alicante
47%
Br Curitiba
33%
Sp Las Palmas
20%
No matching quizzes found
Score Distribution
Percent of People with Each Score
Percentile by Number Answered
Your Score History
You have not taken this quiz